000 00479nam a2200157 i 4500
001 83066
003 ES-MaACL
005 20230906174756.0
007 t|
008 041115s1977 sp ||||1| spa d
245 0 0 _aEstadística de ventas a plazos
_b: año 1976 /
_cInstituto Nacional de Estadística.
260 _aMadrid :
_b[s.n.,
_c1977]
300 _a110 p. ;
_c27 cm.
710 2 _aInstituto Nacional de Estadística (España)
_95162
852 _aES-MaACL
_jA-7542
_bR.96699
999 _c83066
_d83066